[Event "National Capital Open"]
[Site "Ottawa"]
[Date "2013.10.19"]
[Round "3"]
[White "Doubleday, William"]
[Black "Kalra, Agastya"]
[Result "0-1"]
[WhiteElo "2143"]
[BlackElo "2117"]
[Annotator "John Upper"]
[PlyCount "42"]
[EventDate "2013.10.??"]
[EventCountry "CAN"]

1. d4 Nf6 2. c4 c5 3. d5 b5 4. Nf3 Bb7 {Diagram [#]} 5. Nfd2 {Black has played
the Benko gambit several times against White, who decided to try somthing
different. Successfully, as Black tells me he was now out of book.  Much more
common are 5.Qc2, 5.Nbd2, and the most common move here: 5.a4, as in this game
from March, with Canadian IM Aman Hambleton as Black:} (5. a4 Qa5+ {
(deflecting the Bc1 away from its ideal diagonal on b2)} 6. Bd2 (6. Nbd2 $6
bxc4) 6... b4 7. Bg5 d6 8. Nbd2 Nbd7 9. g3 $146 g6 10. Bh3 Bg7 11. e4 Qc7 12.
O-O a5 13. Ne1 O-O $11 14. f4 h6 15. Bxf6 Bxf6 $15 16. Nd3 Bd4+ 17. Kh1 Rae8
18. f5 g5 $1 19. Nf3 Bg7 20. Qd2 Nf6 21. Nf2 e6 $1 $36 22. Rae1 (22. fxe6 $142)
22... exd5 $17 {(><Bh3)} 23. exd5 b3 24. Ng4 Ba6 25. Qd3 Rxe1 26. Rxe1 Rb8 27.
Ne3 Qd7 28. Ra1 Rb4 29. Nd2 Rxa4 $17 {0-1 (38) Iotov,V (2578)-Hambleton,A 
(2463) Richardson-UTD Open, 2013,}) 5... bxc4 (5... d6 {leads to a sort of
Benko-non-gambit: Black keeps his a-pawn, but has only one half-open Queenside
file.} 6. e4 g6 7. Nc3 bxc4 8. Bxc4 Bg7 9. O-O O-O {0-1 (22) Feller,S (2570)
-Vuckovic,B (2600) Novi Sad, 2009.}) 6. e4 e6 7. dxe6 fxe6 {This looks like
the natural move to me, turning the game into a kind of Blumenfeld gambit
where White's Nd2 is slowing him down.} ({But Black actually has an excellent
score after the less dyamic-looking:} 7... dxe6 {when Black has an outpost on
d4 and much faster and easier development; for example:} 8. Nc3 Nc6 9. Bxc4 Be7
10. O-O O-O $15 11. Be2 Qc7 12. Nc4 Rfd8 13. Qa4 Nd4 14. f3 a5 15. Bd3 Ba6 $17
16. Qd1 $2 Nc6 $1 $19 {Black wins material and White still hasn't developed
his queenside.} 17. Qe2 Rxd3 18. Qxd3 Ne5 {0-1 (33) Fyllingen,R (2405)-Lie,K 
(2516) Oslo, 2006.}) 8. e5 Nd5 9. Nxc4 {Diagram [#]} Be7 $6 (9... Qh4 $5 10.
Na5 (10. Bd3 Nb6 $15 {Xc4 Xg2}) 10... Qe4+ 11. Qe2 Qb4+ 12. Qd2 Qe4+ 13. Qe2
Qb4+ 14. Qd2 Qe4+ {1/2-1/2 Nickoloff,B (2430)-Hartman,B (2360) Toronto, 1992.})
10. Bd3 Nb4 11. Bg5 $2 (11. Qh5+ $142 Kf8 12. Bg6 $1 {a cute move which
defends c2 and keeps the pressure on Black.} Bxg2 $2 (12... N8c6 13. O-O $16)
13. Rg1 Bd5 14. Rg4 $1 $18 Bxc4 15. Bh6 $3 $18 (15. Rf4+ $18 Bf6 16. exf6)
15... hxg6 $140 16. Bxg7+ {#5}) 11... Nxd3+ (11... Bxg5 $1 12. Nd6+ Ke7 13.
Nxb7 Qc7 (13... Nxd3+ $15) 14. Be4 (14. Nd6 N8c6 $19 {Xe5}) 14... Qxe5 $1 $17
15. Nc3 $8 d5 16. a3 N4c6 17. Nxd5+ exd5 18. Qxd5 Qxd5 19. Bxd5 {Is a bit of a
mess: White gets a third pawn for the piece, but neither of them is passed;
computers rate Black as better.}) (11... O-O 12. Bxe7 Qxe7 13. O-O Qg5 $36 14.
f3 $8 Rf4 $1 $36 {/\...Rd4}) 12. Qxd3 {Diagram [#]} O-O 13. Bxe7 Qxe7 14. O-O
Qg5 15. Qg3 $11 Qh5 16. Nba3 $6 (16. Na5 $1 {to push the B off the /^a8-h1.})
16... Nc6 {Diagram [#]Critical Position  rate the following moves:  17.Nd6  17.
Nb5  17.Qe3} 17. Qe3 $2 {Answer: of the three moves listed, only Nb5 (fighting
for d4) does not lose.} (17. Nd6 $2 Nd4 $19 18. Qe3 Nf3+ $1 (18... Bd5 19. f3
Bxf3 20. gxf3 Rxf3 21. Rxf3 (21. Qe4 Raf8 22. Rad1) 21... Nxf3+ 22. Kg2 Rf8 23.
Rh1 Nh4+ 24. Kg1 Qd1+) 19. gxf3 Qg6+ 20. Kh1 Bxf3+ $19) (17. Nb5 $1 Ba6 $1 (
17... a6 $5) 18. a4 (18. Nbd6 $143 Nd4 19. Kh1 Nf5 20. Nxf5 Rxf5 21. b3 Bxc4
22. bxc4 Rxe5 $17) (18. Ncd6 $143 Bxb5 19. Nxb5 Rab8 $17) 18... Bxb5 19. axb5
Nd4 $15 {Some of White's loose pawns are about to drop off, but there's a lot
more play left.}) 17... Nd4 $8 $19 {Diagram [#]} 18. f3 (18. Rfe1 Rf3 $1 19.
Qd2 (19. Nd6) (19. gxf3 Nxf3+ 20. Kf1 Nxh2+ 21. Kg1 {White has an extra R, but
the light-squares around his K are so weak that Black has lots of ways to win,
including the "quiet"} Rf8 $19) 19... Rxa3 (19... Rh3 $1 $19) 20. bxa3 (20.
Nxa3 Nf3+ 21. gxf3 Qg6+ 22. Kf1 Bxf3 $19) 20... Qg4 (20... Nf3+ $19) 21. Ne3
Nf3+ 22. Kh1 Qf4 $19) (18. f4 {doesn't block the Bb7} Ne2+ 19. Kh1 Qg4 {(Xg2)}
20. Rf2 (20. Qf2 Rxf4 $19) 20... Nxf4 $19) 18... Bxf3 $3 {Best.} ({piling on
with} 18... Rf5 {is also strong.}) 19. gxf3 (19. Rf2 Bc6 {Black is up a pawn
and a huge initiative.}) (19. Rxf3 Rxf3 20. gxf3 Nxf3+ 21. Kf2 Rf8 $19 {
White's Na3 and Ra1 are too far away to even be called "spectators".}) 19...
Rxf3 20. Qe4 (20. Qe1 Raf8 $19) 20... Raf8 $1 21. Ne3 Ne2+ $1 (21... Ne2+ 22.
Kg2 (22. Kh1 Ng3+ {wins the Qe4.}) 22... Qh3+ 23. Kh1 Rxf1+ 24. Rxf1 Rxf1+ 25.
Nxf1 Qxf1#) 0-1

[Event "National Capital Open"]
[Site "Ottawa"]
[Date "2013.10.20"]
[Round "5"]
[White "Keller, Ben"]
[Black "Barlow-Wilkes, Curtis"]
[Result "0-1"]
[WhiteElo "1639"]
[BlackElo "1814"]
[Annotator "John Upper"]
[PlyCount "66"]
[EventDate "2013.10.??"]
[EventCountry "CAN"]

1. d4 d5 2. Nf3 Nf6 3. e3 c6 4. c4 e6 5. Nc3 Nbd7 6. Bd3 dxc4 7. Bxc4 b5 {
Diagram [#]} 8. Bb3 ({Mainline:} 8. Bd3 Bb7 (8... Bd6 9. O-O O-O {Aronian,L 
(2802)-Anand,V (2772) Wijk aan Zee, 2013. - next month.}) 9. O-O a6 10. e4 c5
11. d5 Qc7 12. dxe6 fxe6 13. Bc2 Bd6 $13 {0-1 (37) Laznicka,V (2683)-Shirov,A 
(2706) Novy Bor, 2012.}) 8... b4 9. Ne2 c5 10. O-O Bb7 (10... Bd6 11. d5 exd5
12. Bxd5 Nxd5 13. Qxd5 Nb6 14. Qh5 (14. Qc6+ Qd7 15. Qxd7+ Bxd7) 14... g6 15.
Qh6 Bf8 16. Qf4 Bg7 $15 {1/2 (41)-1/2 (41) Gulko,B (2532)-Kaidanov,G (2586)
Rockville, 2012.}) 11. Nf4 Bd6 {Diagram [#]} 12. dxc5 $6 {Black's position was
already everything anyone could want in the Meran, but after giving up his
toe-hold in the center White will never be better than slightly worse.} (12.
Ng5 Bxf4 13. exf4 O-O 14. Be3 Qe7 15. Rc1 h6 16. dxc5 Rac8 17. c6 {1/2-1/2 (17)
Sokolov,I (2580)-Hort,V (2580) Dortmund 1989}) 12... Nxc5 13. Bc2 O-O 14. b3
Qe7 15. Bb2 Rfd8 16. Qb1 (16. Qe2 $2 Ba6 $19) 16... e5 $17 17. Ne2 e4 {Diagram
[#]} 18. Bxf6 $1 (18. Nfd4 $2 Bxh2+ $1 $19 19. Kxh2 Ng4+ 20. Kg3 Qg5 21. f4 Qg6
$19) 18... Qxf6 19. Nfd4 Qe5 20. g3 f5 21. a3 bxa3 22. Rxa3 Nd3 23. Ra1 {
Diagram [#]} Nb4 $1 {The Bc2 is burried alive, but it has the Qb1 and Ra1 to
keep it company.} (23... f4 $6 24. exf4 (24. gxf4 $1 {looks awful, but
computers rate it best.}) 24... Qh5 25. Bxd3 exd3 26. Qxd3 Bc5 (26... Qh3 27.
Nc6 $1 {checks allow White to block the diagonal.} Kh8 28. Qb5 Rab8 29. Rxa7
Ba8 30. Rxa8 $1 $18) 27. Qf5 Qxf5 28. Nxf5 Rd2 $44) 24. Rc1 a5 25. Bd1 Nd3 26.
Nc6 Bxc6 27. Rxc6 Bb4 28. Rc2 Ne1 $1 {Diagram [#]} 29. Qb2 $6 (29. Rc6 Qe8 (
29... Nf3+) 30. Rc1 Nf3+) 29... Qxb2 {Good enough, but Black had better.} (
29... Qd6 $142 {Threating ...Qxd1 and keeping White's majors vulnerable to
Black's minors} 30. Nd4 (30. Rcc1 Nd3 $19) (30. Rc4 Nd3 31. Qc2 Be1 $1 {Xf2 - 
an easy-to-overlook attacking move; see: Sokolov-Hansen, post-mortem in August
CCN.}) 30... Nxc2 31. Bxc2 $19) 30. Rxb2 Rac8 31. Rbb1 Rd2 {Diagram [#]
Critical Position  Find White's best defence.} 32. Rc1 $2 ({If White just
oscilates with the K} 32. Kf1 Nd3 {now White's N can't move without losing the
Pf2, and the only moves which don't lose material are Ra1-a4-a1, and pointless
K moves. Black just has to find a winning plan.  Here's one: put the K on b6,
the Bc5, then advance his kingside pawns and break open one file on the
kingside with ...f5-f4 or ...h5-h4.  White will have to do something.}) (32.
Nf4 $2 g5 33. Ne6 Nd3 34. Nxg5 Nxf2 {and in addition to making the second rank
"longer" by dropping the Pf2 White has another weakness on e3.}) (32. Nd4 $1
Nd3 33. Be2 $1 {defends f2 and prevents ...Be1.} Bc3 {More sane, and probably
enough for a draw is to go for the R ending:} 34. Ra4 (34. Rc1 $6 {looks like
a ??, but the pin on the c-file makes it surprisingly hard to refute:} Nxc1 35.
Rxc1 g6 36. Kf1 (36. Bc4+ $2 Rxc4 37. bxc4 Bb2 {Black's pawn will promote, and
White's will not:} 38. c5 Bxc1 39. c6 Ba3 40. c7 Rd1+ $8 41. Kg2 Rc1 $19) 36...
a4 $1 (36... Ra2 $143 37. Ba6 (37. Bc4+ Rxc4 38. bxc4 Ra1 $1 $17) 37... Rc5 38.
Ne6 $13 Rc6 39. Bb7 $11) 37. bxa4 Ra2 38. Kg2 $17 {Preventing the R exchange
after ...Ra1. Black is definitely better, but still has to play well to win; e.
g.} Rxa4 $2 (38... Rc5 $6 39. Ne6 $1) 39. Nb5 $16) 34... Bxd4 (34... g6 $5 {
trying to keep the bind.}) 35. Bxd3 exd3 36. exd4 (36. Rxd4 Kf7 37. Rd5 Ke6 38.
Rxa5 Rcc2 39. Rf1) 36... Rcc2 37. Rf1 Ra2 (37... Re2 38. Rxa5 d2 39. Raa1 $8 g5
(39... f4 $5 40. Kg2 $2 (40. gxf4) 40... Re3 $3 41. gxf4 (41. fxe3 $4 d1=Q+ $19
) 41... Rxb3) 40. Rfd1 f4 41. gxf4 gxf4 42. Kg2 Re4 43. Rab1 $11) 38. Rxa2 Rxa2
39. Rd1 Ra3 40. Rxd3 a4 $36 41. Re3 axb3 (41... Rxb3 42. Re7 {draws.}) 42. Kg2
Kf7 43. Re5 g6 44. h4 b2 45. Rb5 Ra2 46. Kf3 {looks like a draw too.}) 32...
Rxc1 33. Rxc1 Nd3 {Black wins the R or the B.} (33... Nd3 34. Ra1 Nb2) 0-1

[Event "National Capital Open"]
[Site "Ottawa"]
[Date "2013.10.20"]
[Round "4"]
[White "Sambuev, Bator"]
[Black "Gelblum, Robert"]
[Result "1-0"]
[WhiteElo "2666"]
[BlackElo "2230"]
[Annotator "John Upper"]
[PlyCount "59"]
[EventDate "2013.10.??"]
[EventCountry "CAN"]

1. d4 Nf6 2. Nf3 e6 3. e3 b6 4. Bd3 Bb7 5. O-O Be7 {5...c5 - see see
Sambuev-Hamilton, CCN 2013.09.} 6. c4 O-O 7. Nc3 d5 8. b3 c5 9. Bb2 Nc6 {
Diagram [#]A good position to know, since it can arise from a lot of different
move orders. Although it's nearly symmetrical, there's a lot of tension in the
center: any of the four pawn captures will produce a different type of middle
game, so it's strategically rich. Also, since White has two Bs pointing at
Black's K, there are some important sacrificial lines.} 10. Rc1 (10. Qe2 cxd4
11. exd4 dxc4 ({or} 11... Rc8 {possibly transposing into the 10...Rc1 line.})
12. bxc4 Nb4 (12... Nxd4 $4 {Loses a piece.} 13. Nxd4 Qxd4 14. Nd5 $1 Qc5 15.
Bxf6 $1 Bxf6 (15... gxf6 16. Qg4+ Kh8 17. Qh4 $18) 16. Qe4 $18) 13. Bb1 Bxf3 {
Diagram [#] Critical Position  What happens after 14.Qxf3 Qxd4 15.a3?} 14. gxf3
{is like the main game, only worse with the rook stuck on a1.  Black has
several options. Perhaps safest is 14...Re8, eliminating the Bxh7+ sac as seen
in the Grigorian-Karpov game, and preparing to relocate the B to g7.} (14. Qxf3
$2 Qxd4 15. a3 Na6 16. Qb7 {forking two undefended pieces looks like it wins
for White, but after} Bd6 $1 {Black saves the pieces with a much better game,
since} 17. Qxa6 (17. Rd1 Bxh2+ $8 $19) 17... Bxh2+ 18. Kxh2 Qh4+ 19. Kg1 Ng4 {
gives Black a winning attack:} 20. Rc1 Qxf2+ 21. Kh1 Qh4+ 22. Kg1 Qh2+ 23. Kf1
Qh1+ 24. Ke2 Qxg2+ 25. Kd3 Rad8+ 26. Nd5 Qxb2 {0-1 Straeter,T (2310)-Van den
Doel,E (2607) Germany, 2002.}) 14... Rc8 {would transpose the the main game,
with the difference that here White's R is much less active on a1 than c1.} (
14... Qxd4 $6 15. Ne4 Qd8 16. Rd1 Qc7 17. Nxf6+ Bxf6 18. Bxh7+ $1 (18. Bxf6
gxf6 19. Bxh7+ $6 {tempting, but not best} (19. Qe4 $13) 19... Kg7 $1 (19...
Kxh7 $4 20. Qe4+ $18 f5 21. Qh4+ Kg8 22. Qg5+ Kh7 23. Kh1 Rg8 24. Qh4+ Kg7 25.
Rg1+ Kf8 26. Rxg8+ Kxg8 27. Qh6 $18 {and Rg1 wins.}) 20. Rd4 Rh8 $1 21. Rg4+
Kf8 22. Qb2 Rxh7 (22... a5 $1) 23. Qxb4+ Qc5 24. Qd2 Rc8 $17 {With a clear
structural advantage that Karpov managed to turn into a win in  Grigorian,
K-Karpov,A, Moscow, 1976. (0-1, 40)}) 18... Kh8 $8 19. Be4 $40 Bxb2 20. Qxb2
Nc6 21. Qb5 Ne5 $8 22. f4 $16 {Bondarevsky, quoted by Kasparov in MGP v2.}) 15.
Ne4 g6 16. Rd1 Nh5 17. a3 Nc6 $6 18. d5 $1 $36 Na5 19. dxe6 Qc7 $2 20. Rd7 $18
Qxc4 21. Qd1 $18 (21. exf7+ $1) 21... Qxe6 22. Ba2 Nc4 23. Qd4 f5 24. Rxe7 Qxe7
25. Bxc4+ {1-0 Krasenkow,M (2636)-Spoelman,W (2424) Wijk aan Zee, 2008.}) 10...
cxd4 11. exd4 Rc8 {Diagram [#]} 12. Qe2 (12. Re1 Nb4 {with the Pc4 attacked
twice, if White wants to keep the B he has to take it off the /^b1-h7, and so
Black gets control of e4.} (12... Re8 13. cxd5 Nxd5 14. Nxd5 Qxd5 15. Be4 Qd6
16. d5 exd5 17. Qxd5 Qxd5 18. Bxd5 $14 {with the kind of small advantage
position I'd expect the stronger technical player to score around 70% as White:
e.g. Spraggett beats O'Donnell at the 1994 Canadian Championship, but Artur
Yusupov gets held to a draw by Ulf Anderson at the 1998 Elista Olympiad.}) 13.
Bf1 Ne4 14. a3 Nxc3 15. Rxc3 Nc6 16. Ne5 {?!, but it was round 24, and Keres
had to win this game, "and this explains his attempt to attack at all costs" -
Smyslov "My Best Games of Chess" (Dover, 1958).} Nxe5 17. Rxe5 Bf6 18. Rh5 g6
$1 19. Rch3 dxc4 $1 (19... gxh5 $5 20. Qxh5 Re8 21. a4 $1 {Bronstein; /\Ba3}
Qd6 22. Qh6 $1 {Kasparov} Bg7 23. Qxh7+ Kf8 24. Rg3 Bf6 25. c5 $1 $40 {(/
\c5-c6, then Ba3)} Qxg3 $1 26. hxg3 bxc5 27. Qh6+ Bg7 28. Qd2 $16) 20. Rxh7 $2
(20. Qg4 $142 c3 21. Bxc3 Rxc3 22. Rxc3 Qxd4 $13) 20... c3 $1 21. Qc1 Qxd4 $1 (
21... cxb2 $2 22. Qh6 $18) 22. Qh6 Rfd8 $1 23. Bc1 Bg7 24. Qg5 Qf6 25. Qg4 c2
26. Be2 Rd4 27. f4 Rd1+ 28. Bxd1 Qd4+ {0-1 Keres,P-Smyslov,V (Zurich, 1953).})
12... Nb4 13. Bb1 dxc4 14. bxc4 Bxf3 {Diagram [#]} 15. gxf3 $1 {Bob and I
reviewed the game right after it was over. We were both surprised that Bator
went in for this -- which shows that neither Bob nor I were familiar with the
classics or had done our homework (see above).   We thought Black should be
fine if he could keep control over f4. That turns out to be correct, but
neither of us saw the best way to do it.} (15. Qxf3 $2 {Clearly White had not
done his homework either, since 10 years earlier this had been shown to be a
bad way to play in  Czebe,A (2491)-Koneru,H (2484) Budapest, 2001.} Rxc4 16. d5
Nbxd5 17. Nxd5 Qxd5 18. Rxc4 Qxc4 $17 {0-1 (41) Bruno,F (2436)-Rozentalis,E 
(2588) Cento, 2011.}) 15... Qd6 (15... Qxd4 {looks dangerous, but according to
Kasparov, after} 16. Ne4 (16. Nd5 {doesn't win like it did in the note to move
10.Qe2, since after} Qc5 $13 17. Bxf6 gxf6 $8 $15 {White doesn't have ...Qg4+})
16... Qd8 17. Rfd1 Qc7 18. Nxf6+ Bxf6 19. Qe4 Rfe8 20. Qxh7+ Kf8 {"Black's
chances are even slightly better." - Kasparov (MGP v2, p.329)}) ({There's a
better way to fight for f4:} 15... Bd6 $1 {Immediately attacks f4 and clears
the /^d8-h4 for the Q; Black wins if he gets in ..Nh5, ...Qh4.} 16. Ne4 (16.
Kh1 Nh5 17. Qe4 g6 $1 $17 (17... f5 $143 $5 18. Qxe6+ Kh8 19. Bxf5 Rc6 $13 {1/
2-1/2 (45) Gretarsson,H (2563)-Salmensuu,O (2458) Reykjavik, 2000.})) 16... Bf4
17. Rcd1 (17. Rc3 Nc6 $15) 17... Nxe4 $1 18. fxe4 $8 (18. Qxe4 $4 Qg5+ 19. Kh1
Qh4 $19) 18... Qh4 19. f3 $8 Rxc4 $1 20. a3 Nc2 $3 (20... Nc6 21. Rf2 Na5 22.
Ba2 Rc6 23. Rg2 Rd6 24. e5 $1 Rd7 25. d5 $1 $13 {1-0 (68) Frog,I (2295)
-Malakhov,V (2510) Elista, 1995.}) 21. Bxc2 Qxh2+ $1 $19) 16. Kh1 Qf4 17. Rg1 {
Diagram [#]} Bd6 (17... g6 {is probably better: Black will almost certainly
have to play it eventually, and keeping the B on e7 defends f6 and won't block
Black's R if he plays to restrain White's center with ...Rfd8.}) 18. Rg2 Bb8 (
18... Nh5 19. Nb5 Bb8 $13 20. Rcg1 (20. Ba3 a6 $1) 20... g6 21. Ba3 Nc6 (21...
a5) 22. Bxf8 Kxf8 $13) 19. Ne4 $14 Nh5 20. Ng3 {Diagram [#]} Qh4 $2 (20... Nf6
$142 $14) 21. Nxh5 Qxh5 22. d5 $1 e5 23. Rcg1 $18 g6 24. Rg5 Qh4 (24... Qh6 25.
Qd2 {(XNb4 XQh6)} Na6 26. Rxg6+ $18) 25. R1g4 $1 {Diagram [#]} Qh3 (25... Qh6
26. f4 $1 exf4 27. Qe7 $8 $18 Rfe8 (27... f6 28. Rxg6+ $18) 28. Qf6 Re1+ (28...
Kf8 29. d6 $18) 29. Rg1 $8 $18) 26. Bf5 $1 {Threatening both the Rc8 and two
R-captures on g6 winning the Qh3 and two pawns for the Rs.} Qh6 27. Bxc8 e4 28.
Rg2 Rxc8 29. fxe4 Bxh2 30. Rh5 $1 {Attacks and defends; very neat.} 1-0